Nombra a los campeones del mundo de Fórmula 1 de los últimos 25 años - Estadísticas

Estadísticas generales
  • Esta prueba ha sido intentada 167 veces
  • La puntuación promedio es 24 de 25
Estadísticas de respuestas
Hint Respuesta % Correcto
2006 Fernando Alonso
99%
2005 Fernando Alonso
99%
2020 Lewis Hamilton
99%
2019 Lewis Hamilton
99%
2018 Lewis Hamilton
99%
2017 Lewis Hamilton
99%
2015 Lewis Hamilton
99%
2014 Lewis Hamilton
99%
2008 Lewis Hamilton
99%
2024 Max Verstappen
97%
2023 Max Verstappen
97%
2022 Max Verstappen
97%
2021 Max Verstappen
97%
2013 Sebastian Vettel
95%
2012 Sebastian Vettel
95%
2011 Sebastian Vettel
95%
2010 Sebastian Vettel
95%
2004 Michael Schumacher
93%
2003 Michael Schumacher
93%
2002 Michael Schumacher
93%
2001 Michael Schumacher
93%
2000 Michael Schumacher
93%
2016 Nico Rosberg
89%
2007 Kimi Räikkönen
86%
2009 Jenson Button
81%
No se encontraron pruebas coincidentes
Distribución de puntuación
Porcentaje de gente con cada puntuación
Porcentaje por número respondido
Historial de tus puntuaciones
No has intentado esta prueba.